000 00782cam a2200265 a 4500
001 209566
003 OSt
005 20180921
008 0000001958 dr 0000000000spa00
020 _a[sin ISBN]
245 _aLa jurisprudencia dominicana en la Era de Trujillo
_crecopilada por Pablo Antonio Machado
260 _aRepública Dominicana :
_bImpresora Dominicana
300 _av.
505 _av. 1. Años 1939-1958, julio, 1958
650 _aJurisprudencia
651 _aRepública Dominicana
700 _aMachado, Pablo Antonio, recop
040 _aDLC
_cDLC
942 _2ddc
_cBK
999 _c209566
_d20956610